00645nam a2200193 a 4500001001000000003000900010005001700019008004100036040002500077049000900102082001500111100004400126245006600170260005100236300002000287942001400307952011300321999001700434000021830DO-SdBNP20240621114133.0100913s1987 dr 000 0 spa d aDO-SdBNPbspacBNPHU aBNPD axxxbC181p1 aCamejo Henriquez, José Leoncio94534013aLa provincia de Dajabón /cJosé Leoncio Camejo Henriquez. aDajabón :bLiga Municipal Dominicana,c1987. a14 p. ;c21 cm. 2ddccLBS1 0010718PDaPDbPDcCTd2010-09-13iLF1l0oxxx C181pp21830-10r2020-06-25w2020-06-25yLFPDZNo se presta c21328d21328